Baseball Retired Numbers Atlanta - Statistics

General Stats
  • This quiz has been taken 65 times
  • The average score is 9 of 11
Answer Stats
# Player % Correct
44 Hank Aaron
100%
10 Chipper Jones
90%
31 Greg Maddux
90%
42 Jackie Robinson
90%
29 John Smoltz
88%
47 Tom Glavine
88%
41 Eddie Mathews
85%
3 Dale Murphy
83%
6 Bobby Cox
73%
21 Warren Spahn
69%
35 Phil Niekro
59%
No matching quizzes found
Score Distribution
Percent of People with Each Score
Percentile by Number Answered
Your Score History
You have not taken this quiz